000 00621nam a2200229Ia 4500
003 OSt
005 20250829101955.0
008 210210b2008 xxu||||| |||| 00| 0 eng d
020 _a9781741751031
040 _cAL
041 _aeng
082 _a343.0998 PEAJ
100 _aMark Pearson
_9237555
245 _aJournalists guide to media law
_b: dealing with legal and ethical issues Ed 3
260 _aAustralia
_bAllen & Unwin
_c2008
300 _ax,486p.
650 _aJournalists
_9237557
650 _aInvestigative Journalism
_9237558
690 _aPublic Law
_9237559
906 _a065292
942 _2ddc
_cBK
999 _c142473
_d142473